00462nam a22001817a 450000500170000002000180001710000210003524500590005625000130011526000330012830000110016165000130017265000180018565000160020370000220021970000210024170000180026220251201125213.0 a9780128234709 aBronson, Richard aLinear algebra: Algorithms applications and techniques a4th ed.  aLondonbAcademic pressc2024 axi+516 aMatrices aVector spaces aEigenvalues aCosta, Gabriel B  aSaccoman, John T aGross, Daniel